[Event "Bruges Masters 2019"]
[Site "Bruges"]
[Date "2019.08.12"]
[Round "3.11"]
[White "Loef, Dirk"]
[Black "Dgebuadze, Alexandre"]
[Result "1/2-1/2"]
[WhiteElo "2117"]
[BlackElo "2495"]
[Annotator "TA"]
[PlyCount "58"]
[EventDate "2019.08.11"]
[EventType "swiss"]
[EventCountry "BEL"]
[SourceTitle "playchess.com"]
[Source "ChessBase"]
[SourceQuality "1"]

{[%evp 11,58,5,40,31,51,14,40,22,27,29,56,43,41,35,54,47,66,65,77,59,67,62,76,45,45,16,26,14,14,8,15,0,0,0,0,0,0,0,17,17,30,8,36,5,52,39,38,46,49]} 1. e4 e6 2. d4 d5 3. Nc3 Bb4 4. exd5 exd5 5. Bd3 Nc6 6. Nge2 Bg4 7. f3 {C01: French: Exchange Variation} Bh5 (7... Be6 8. O-O Nge7 9. Bf4 Nf5 10. Nb5 Ba5 11. c3 Nce7 12. g4 Nh4 13. Bg3 Nhg6 {½-½ (13) Zhigalko,S (2689)-Mamedyarov,S (2765) Baku 2011}) 8. O-O Nge7 9. Ng3 Bg6 10. f4 {[#] Threatens to win with f5.} f5 11. Nb1 {[%cal Bc3b1,Bb1d2,Bd2f3][%mdl 32]} O-O 12. c3 Bd6 13. Nd2 Qd7 $146 ({Predecessor:} 13... Nb8 14. Nf3 Nd7 15. Ne5 c6 16. Nxg6 hxg6 17. Re1 {½-½ (52) Herbst,B (2271)-Neuer,T (2300) Chessfriend.com 2003}) 14. Nf3 Nd8 {[%cal Bc6d8,Bd8f7,Bf7d6][%mdl 32]} 15. Re1 c6 16. Bd2 Nf7 17. Re2 Bc7 18. Qb3 Nd6 19. Rae1 Rae8 20. Ne5 Qd8 21. c4 dxc4 22. Bxc4+ (22. Nxc4 Bf7 $17) 22... Nxc4 23. Qxc4+ Nd5 24. Bb4 $36 {[%mdl 2048] White is pushing.} Bd6 (24... Ba5 $5 {[%cal Ra5b4]} 25. Bxa5 (25. Bxf8 Bxe1 26. Rxe1 Rxf8 $11) 25... Qxa5 $11) 25. Bc5 Bxc5 26. dxc5 ({Don't play} 26. Qxc5 Nxf4 27. Rd2 a5 $17) 26... Qc8 27. Qb3 Bf7 28. Nxf7 Rxe2 {[#]} 29. Nh6+ $1 {[%mdl 512]} gxh6 {Accuracy: White = 47%, Black = 44%.} 1/2-1/2

[Event "Bruges Masters 2019"]
[Site "Bruges"]
[Date "2019.08.12"]
[Round "3.12"]
[White "Mirzoev, Azer"]
[Black "Carvallo, Henri"]
[Result "1-0"]
[WhiteElo "2474"]
[BlackElo "2106"]
[Annotator "TA"]
[PlyCount "112"]
[EventDate "2019.08.11"]
[EventType "swiss"]
[EventCountry "BEL"]
[SourceTitle "playchess.com"]
[Source "ChessBase"]
[SourceQuality "1"]

{[%evp 9,112,22,22,20,21,35,40,27,23,-2,7,0,69,63,81,37,48,12,45,27,51,0,62,27,25,28,19,-14,-17,-13,15,10,17,0,8,0,0,0,39,31,35,-3,-8,-5,-1,0,12,6,8,0,47,50,58,34,50,27,50,0,47,45,124,117,147,157,241,239,250,235,227,241,398,321,442,454,422,436,444,441,452,457,448,427,451,433,452,441,451,448,435,410,393,387,378,367,640,629,592,555,942,920,875,1281,1385,1340,29971]} 1. d4 d6 2. e4 Nf6 3. Nc3 e5 4. Nge2 Nbd7 5. f3 Be7 6. Be3 {B07: Pirc Defence: Miscellaneous Systems} c6 7. Ng3 (7. g4 d5 8. g5 Nh5 9. Rg1 exd4 10. Nxd4 c5 11. Ndb5 d4 12. Nd5 O-O 13. f4 {1-0 (33) Liang,A (2572)-Miroshnichenko,E (2606) chess.com INT 2018}) 7... h5 8. Qd2 {White is slightly better.} g6 9. O-O-O $146 ({Predecessor:} 9. a4 b6 10. Bc4 a6 11. d5 Bb7 12. dxc6 Bxc6 13. O-O Nc5 14. b3 Bb7 15. Qf2 {1-0 (45) Lednicky,M (2263)-Hrabal,M (2100) Czechia 2012}) 9... h4 10. Nge2 Nb6 (10... Qc7 $11) 11. b3 Qc7 12. Kb1 Be6 13. Nc1 exd4 14. Bxd4 O-O-O 15. a4 (15. Nd3 $14) 15... Kb8 (15... d5 $11) 16. Qf2 g5 17. Be2 Rhg8 18. Rd2 Nfd7 19. Re1 Bf6 20. Bxf6 Nxf6 21. f4 gxf4 22. Qxf4 Ng4 23. Nd3 Qe7 24. a5 Nd7 25. a6 (25. Nd5 $5 cxd5 26. exd5 $14) 25... Nge5 26. axb7 Nxd3 27. Bxd3 Kxb7 28. Bf1 Ne5 29. Kb2 Ka8 30. Ra1 Rb8 31. Qf2 Rb7 32. Ra3 Rgb8 33. Ka2 Rb6 34. Rd4 Rb4 {[#]} ({Black should try} 34... R8b7 $14) 35. Rxd6 $1 $16 {[%mdl 512]} Qb7 {[%cal Re6b3]} (35... Qxd6 36. Rxa7#) 36. Ba6 (36. Qxh4 $2 {[#]} Bxb3+ $1 {[%mdl 512]} 37. Kb2 Bc4+ 38. Kc1 Bxf1 $19) 36... Qc7 (36... Qe7 $16 37. Qc5 R4b6) 37. Qc5 $18 Nd7 38. Qxc6+ ({But not} 38. Rxc6 $6 Nxc5 39. Rxc7 Nxa6) 38... Qxc6 39. Rxc6 $40 {[%mdl 128] White is out for blood.} R8b6 $2 (39... Rg8 40. Bf1 Rb6 41. Rxb6 Nxb6) 40. Rc7 Nb8 41. Bc4 {[%csl Ga3][%cal Rc7a7]} Rb7 42. Nd5 Rxc7 43. Nxc7+ {[%mdl 64] Discovered Attack} Kb7 44. Nxe6 fxe6 45. Bxe6 {[%mdl 4096] Endgame KRB-KRN} Rd4 46. Bd5+ Kb6 47. Ra4 Rd2 48. Rb4+ Kc7 49. Kb2 Nd7 50. Rb7+ Kd6 51. Rxa7 Nc5 $2 (51... Rxg2 52. h3 Ne5) 52. b4 {White is clearly winning.} Nd7 53. Kb3 h3 54. gxh3 Rxh2 55. c4 Rxh3+ 56. Ka4 Rh7 {Accuracy: White = 66%, Black = 43%.} 1-0

[Event "Bruges Masters 2019"]
[Site "Bruges"]
[Date "2019.08.12"]
[Round "4.1"]
[White "Cornelisse, John"]
[Black "Ortiz Suarez, Isan Reynaldo"]
[Result "0-1"]
[WhiteElo "2180"]
[BlackElo "2533"]
[Annotator "TA"]
[PlyCount "46"]
[EventDate "2019.08.11"]
[EventType "swiss"]
[EventCountry "BEL"]
[SourceTitle "playchess.com"]
[Source "ChessBase"]
[SourceQuality "1"]

{[%evp 15,68,-15,0,-54,-57,-70,-60,-74,-50,-39,-23,-43,0,-19,-11,-13,-11,-80,-86,-95,-87,-106,-97,-156,-150,-138,-131,-157,-147,-198,-190,-221,-186,-232,-224,-226,-200,-258,-256,-265,-215,-276,-222,-429,-422,-475,-431,-761,-725,-1923,-1547,-1900,-1877,-29990,-29990]} 1. d4 Nf6 2. c4 c5 3. d5 b5 4. cxb5 a6 5. Nc3 axb5 6. e4 b4 7. Nb5 d6 8. Bc4 Nbd7 9. Qe2 {A57: Benko/Volga Gambit} (9. Nf3 $11) (9. Nf3 Nb6 10. Bd3 Ba6 11. Qe2 Bb7 12. b3 g6 13. Bb2 Bg7 14. O-O O-O 15. Rfe1 Re8 16. Qc2 Ba6 17. a4 bxa3 18. Rxa3 {0-1 (47) Seliverstov,V (2462)-Christiansen,J (2555) St Petersburg 2018}) 9... g6 10. Nf3 {aiming for e5.} Bg7 11. b3 {Black is slightly better.} O-O {Hoping for ...Nxe4!} 12. Bb2 Nb6 13. O-O Bg4 $146 ({Predecessor:} 13... Ba6 14. a4 bxa3 15. Rxa3 Nxc4 16. bxc4 Bxb5 17. Rxa8 Qxa8 18. cxb5 {½-½ (46) Innocente,N (2150)-Iglesias,I (2050) Hyeres 2002}) 14. a3 Nxc4 15. bxc4 bxa3 16. Rxa3 (16. Nxa3 $11 Qc8 17. h3 Bxh3 18. gxh3) 16... Rxa3 $17 17. Bxa3 {[#]} Nd7 $1 18. h3 Bxf3 $1 19. Qxf3 {[#]} (19. gxf3 $142 Nb6 20. Rb1) 19... Qa5 $1 20. Qe2 Qa4 21. Rc1 Nb6 22. f4 (22. g4 $17) 22... Rb8 $19 23. e5 Nxd5 {Played: Nb6xc4} 0-1

[Event "Bruges Masters 2019"]
[Site "Bruges"]
[Date "2019.08.12"]
[Round "4.2"]
[White "Du, Chunhui"]
[Black "Legky, Nikolay A"]
[Result "0-1"]
[WhiteElo "2137"]
[BlackElo "2397"]
[Annotator "TA"]
[PlyCount "124"]
[EventDate "2019.08.11"]
[EventType "swiss"]
[EventCountry "BEL"]
[SourceTitle "playchess.com"]
[Source "ChessBase"]
[SourceQuality "1"]

{[%evp 9,124,0,0,-16,0,0,0,0,0,-13,0,0,0,-36,-38,-114,-106,-240,-161,-175,-166,-166,-185,-172,-170,-161,-168,-167,-172,-174,-172,-268,-250,-231,-206,-284,-267,-342,-345,-334,-327,-337,-314,-308,-177,-189,-191,-402,-387,-387,-381,-390,-409,-502,-416,-392,-417,-406,-399,-391,-391,-375,-302,-306,-300,-299,-292,-298,-295,-293,-291,-275,-269,-309,-243,-354,-327,-886,-788,-703,-945,-784,-374,-452,-1071,-1027,-236,-236,-236,-236,-236,-655,-236,-5587,-236,-29964,-29966,-29966,-29968,-29967,-29968,-29979,-29980,-29981,-29982,-29983,-29984,-29985,-29986,-29986,-29987,-29992,-29992,-29994,-29988,-29989,-29990]} 1. Nf3 e6 2. c4 d5 3. d4 dxc4 4. Qa4+ Nd7 5. g3 (5. Qxc4 Ngf6 6. Bg5 a6 7. e4 h6 8. Bh4 b5 9. Qc6 Rb8 10. Bxf6 gxf6 11. Nbd2 Bb7 12. Qc2 c5 13. d5 c4 14. Be2 {1-0 (40) Yuffa,D (2563)-Lysyj,I (2631) Cheliabinsk 2018}) 5... a6 6. Qxc4 {D21: Queen's Gambit Accepted: 3 Nf3 sidelines} b5 7. Qc6 Rb8 8. Bf4 {The position is equal.} Bb7 $146 ({Predecessor:} 8... Bb4+ 9. Nbd2 Bb7 10. Qxc7 Qxc7 11. Bxc7 Rc8 12. Bf4 Rc2 {½-½ (64) Szabolcsi,J (2475)-Giffard,N (2375) Val Thorens 1995}) 9. Qxc7 Qxc7 10. Bxc7 Rc8 11. Ba5 Ne7 {[%mdl 1024] Black has compensation.} 12. Bd2 (12. Bc3 $15) 12... Nf5 $36 {[%mdl 2048] [#] And now ...Bxf3 would win. Black is really pushing.} 13. Be3 (13. d5 $17) 13... Nb6 {Strongly threatening ...Bb4+.} 14. Nbd2 Bb4 15. a3 Nxe3 16. fxe3 Bxd2+ $1 17. Kxd2 Nc4+ 18. Ke1 Nxe3 19. Kf2 Ng4+ 20. Kg2 (20. Kg1 $142) 20... Ke7 $19 21. h3 Nf6 22. Rg1 Rc2 23. Kf2 Ne4+ ({Much less strong is} 23... Rxb2 24. Ne5 $19) 24. Ke3 Rxb2 {White must now prevent ...Rb3+.} 25. Ne5 Rb3+ 26. Nd3 Rc8 (26... Nd6 $142 27. a4 b4) 27. Bg2 f5 28. Rgc1 $2 (28. Rgb1 {is the only way for White.} Rcc3 29. Rxb3 Rxb3 30. h4) 28... Rxc1 29. Rxc1 Kd6 30. g4 g5 {aiming for ...f4+.} 31. d5 Bxd5 {...f4+ is the strong threat.} 32. gxf5 exf5 33. Rc8 Rxa3 34. Rd8+ Ke6 {Hoping for ...f4+.} 35. Re8+ Kd7 36. Re5 Be6 {Threatens to win with ...Kd6.} 37. Bxe4 fxe4 38. Kxe4 {[%mdl 4096] Endgame intending Nc5+. KRB-KRN} Kd6 (38... Bxh3 39. Rxg5 Ke6 40. Kf4 $17) 39. Rxg5 Ra4+ ({Don't do} 39... Bxh3 40. Rh5 $19) 40. Ke3 Rh4 ({Less strong is} 40... Bxh3 41. Rh5 $17) 41. Nf4 b4 42. Ra5 (42. Nxe6 $142 Rxh3+ 43. Kd4 Kxe6 44. Ra5) 42... Bc4 43. Nd3 $2 (43. Rf5) 43... Rxh3+ 44. Kd4 Bxd3 45. exd3 {KR-KR} Rh4+ 46. Ke3 b3 {( -> ...b2)} 47. Kd2 b2 $2 (47... Rh2+ 48. Kc1 h5) 48. Kc2 Rh2+ 49. Kb1 h5 50. Rxa6+ $2 (50. d4) 50... Ke5 51. Ra4 $2 (51. d4+ Kd5 52. Ra8) 51... h4 $2 (51... Kf5 52. Ra5+ Kf4 53. Ra4+ Kg3) 52. Rg4 $2 {[#]} (52. d4+ $19 Kd5 53. Ra8) 52... Kf5 {Black mates.} 53. Rg8 Rd2 54. Rh8 Kg4 55. d4 h3 56. Rg8+ Kf4 57. Rf8+ Ke4 58. Re8+ Kd3 59. d5 h2 60. Re1 Kc3 61. Re3+ Kc4 62. Rh3 Rd1+ {Accuracy: White = 32%, Black = 70%.} 0-1

[Event "Bruges Masters 2019"]
[Site "Bruges"]
[Date "2019.08.12"]
[Round "4.3"]
[White "Olander, Aleksi"]
[Black "Tirelli, Mauro"]
[Result "1-0"]
[WhiteElo "2066"]
[BlackElo "2247"]
[Annotator "TA"]
[PlyCount "75"]
[EventDate "2019.08.11"]
[EventType "swiss"]
[EventCountry "BEL"]
[SourceTitle "playchess.com"]
[Source "ChessBase"]
[SourceQuality "1"]

{[%evp 9,75,25,39,14,43,15,32,33,20,12,20,-14,-5,-22,-11,-56,0,12,103,116,146,141,145,151,141,146,147,136,227,218,236,231,367,374,349,364,404,407,500,454,534,525,504,525,627,650,737,729,724,681,670,605,669,647,661,637,725,655,906,905,881,879,1408,1053,1024,1024,967,929]} 1. d4 Nf6 2. c4 e5 3. dxe5 Ng4 4. e3 Nxe5 5. f4 (5. Nh3 Bb4+ 6. Bd2 a5 7. Nf4 d6 8. Nc3 O-O 9. Be2 Re8 10. O-O Nbd7 11. Qc2 Nf6 12. Rad1 c6 13. Na4 Bxd2 14. Rxd2 {1-0 (49) Wojtaszek,R (2727)-Ivanchuk,V (2710) Huaian 2016}) 5... Ng6 6. Nh3 {A52: Budapest Gambit} Nc6 7. Nf2 $146 ({Predecessor:} 7. Nc3 Bc5 8. Ng5 Be7 9. Nf3 d6 10. Bd3 O-O 11. O-O f5 12. a3 Qe8 13. Qc2 Qf7 {0-1 (42) Bick,J (2247)-Lapshun,Y (2452) Budapest 2006}) 7... Bb4+ 8. Bd2 {White is slightly better.} Qe7 9. Qe2 O-O 10. Nc3 Bxc3 $1 11. Bxc3 Re8 $1 12. Bd2 d5 (12... Nb4 $15 13. Kd1 a5) 13. cxd5 $11 Nb4 (13... Nd4 $1 $11 14. Qd3 (14. exd4 Qf8 $15) 14... Qc5) 14. Qc4 $16 a5 15. a3 Na6 16. g3 c6 17. Bg2 cxd5 18. Qxd5 Nc5 (18... Bd7 $16 {is a better defense.} 19. Qxa5 (19. Qxb7 Nc5 $16) 19... Nc5) 19. Rc1 $18 Nd7 20. O-O Ra6 (20... Nf6 {was called for.} 21. Qc5 Bd7 22. Bxa5 (22. Bxb7 Rab8 $18) 22... Qxe3 23. Qxe3 (23. Bxb7 Qxc5 24. Rxc5 Rab8 $16) 23... Rxe3) 21. Bxa5 Nf6 22. Qd2 h5 23. Bb4 Qe6 24. e4 {White is clearly winning.} Nf8 25. e5 Ng4 26. Ne4 h4 27. h3 Nh6 28. g4 Nxg4 29. hxg4 Qxg4 30. Nf2 Qh5 31. Kh2 Rg6 32. Rc3 b6 33. Be4 Rg3 34. Rxg3 hxg3+ 35. Kxg3 Re6 36. Bxf8 {[#] And now Be7! would win.} Rg6+ 37. Bxg6 Qxg6+ 38. Kf3 {Accuracy: White = 72%, Black = 35%.} 1-0

[Event "Bruges Masters 2019"]
[Site "Bruges"]
[Date "2019.08.12"]
[Round "4.4"]
[White "Butzen, Robin"]
[Black "Van Malder, Dries"]
[Result "0-1"]
[WhiteElo "1967"]
[BlackElo "2178"]
[Annotator "TA"]
[PlyCount "110"]
[EventDate "2019.08.11"]
[EventType "swiss"]
[EventCountry "BEL"]
[SourceTitle "playchess.com"]
[Source "ChessBase"]
[SourceQuality "1"]

{[%evp 22,110,49,41,52,51,75,72,83,83,79,76,75,34,93,24,27,24,34,31,51,12,36,36,37,36,36,35,42,26,33,0,37,34,48,0,50,0,49,47,51,0,0,0,0,0,0,0,0,0,0,0,0,0,0,-43,-31,-38,-48,-27,-40,-41,-36,-46,0,-193,-186,-167,0,0,-12,-12,0,-577,-572,-687,-650,-800,-770,-29988,-592,-573,-566,-29993,-29983,-29981,-29982,-29979,-29963,-29976,-29976]} 1. d4 Nf6 2. c4 e6 3. Nf3 Bb4+ 4. Nbd2 b6 5. a3 Bxd2+ 6. Qxd2 Bb7 7. e3 O-O 8. Be2 d6 9. O-O Nbd7 10. b4 Ne4 11. Qc2 f5 12. Bb2 Qe8 {E14: Queen's Indian: Classical Variation (4 e3)} (12... Rf6 13. d5 Rh6 14. Rad1 c5 15. g3 exd5 16. cxd5 Qe7 17. bxc5 bxc5 18. a4 Rf8 19. a5 Kh8 20. Ne1 {½-½ (51) Anton Guijarro,D (2650)-Moiseenko,A (2657) Doha 2016}) 13. Nd2 Qg6 $146 ({Predecessor:} 13... Nxd2 14. Qxd2 Rf6 15. Rac1 Rh6 16. d5 Qg6 17. f4 Nf6 18. Bf3 Re8 19. Rc2 exd5 20. cxd5 {½-½ (55) Maisuradze,N (2231)-Franciskovic,B (2273) Dobrinj 2007}) 14. f3 $1 {[%cal Rf3e4]} Qg5 {White is better.} 15. Nxe4 fxe4 16. f4 Qe7 17. c5 Bd5 (17... bxc5 $14 18. dxc5 dxc5) 18. cxd6 (18. c6 $1 $16 {[%cal Rc6d7]} Nf6 19. b5) 18... cxd6 $11 19. Rac1 Nf6 20. a4 Qb7 21. Qc7 Qxc7 22. Rxc7 Rfc8 23. Rfc1 Rxc7 24. Rxc7 Ne8 25. Rc3 a6 26. b5 a5 27. Bc4 {Hoping for Bxd5.} Nc7 28. Be2 Ne8 29. Bc4 {Threatens to win with Bxd5.} Nc7 30. Ba3 Rd8 $1 31. Bxd5 (31. Kf2 $14) 31... Nxd5 $14 {[%mdl 4096] Endgame KRB-KRN} 32. Rc6 Nxe3 33. Bxd6 Nd5 34. Kf2 Kf7 35. Be5 h5 36. Kg3 Re8 37. Kh4 Kg6 38. h3 e3 {...e2 is the strong threat.} 39. Kg3 $1 Kf5 {White must now prevent ...Ke4.} 40. Kf3 {And now g4+ would win.} h4 41. Bc7 Rc8 42. Bd6 Rg8 43. Bc7 $2 (43. Be5 $11) 43... g5 $19 44. fxg5 Rxg5 $2 (44... Rf8 $1 $19 45. g3 Kg6+ 46. Ke2 (46. Bf4 $2 hxg3 47. Rxe6+ Kg7 $19) 46... Rf2+ 47. Ke1 Nxc7 48. gxh4 Nd5 49. Rxe6+ Kf7) 45. g4+ $11 hxg3 $1 46. Bxg3 Rg8 47. Bc7 $2 {[%mdl 8192]} (47. Rc1 $11 {and White has nothing to worry.}) 47... Rg1 $19 48. Bxb6 Rf1+ 49. Ke2 Rf2+ 50. Ke1 Ke4 (50... Nf4 $142 51. Bxa5 Nd3+ 52. Kd1 e2+ 53. Kd2 e1=Q+ 54. Kxd3 Rf3+ 55. Kc2 Qe2+ 56. Kb1 Rf1+ 57. Be1 Rxe1+ 58. Rc1 {[#]} Qd3+ $1 {[%mdl 576] Double Attack} 59. Kb2 Re2+ 60. Ka1 Qa3+ $1 {[%mdl 576] Double Attack} 61. Kb1 Rb2#) 51. Rxe6+ Kd3 52. Re8 Ra2 {[%cal Ra2a1] Black mates.} 53. Kf1 Nxb6 54. h4 Ra1+ 55. Kg2 e2 {Accuracy: White = 38%, Black = 66%.} 0-1

[Event "Bruges Masters 2019"]
[Site "Bruges"]
[Date "2019.08.12"]
[Round "4.5"]
[White "Bekker, Stefan"]
[Black "Li, Zhenyu"]
[Result "1-0"]
[WhiteElo "2272"]
[BlackElo "2129"]
[Annotator "TA"]
[PlyCount "55"]
[EventDate "2019.08.11"]
[EventType "swiss"]
[EventCountry "BEL"]
[SourceTitle "playchess.com"]
[Source "ChessBase"]
[SourceQuality "1"]

{[%evp 10,116,0,-28,-12,-10,-14,-20,-8,-14,-11,-16,-6,-13,-14,-14,-17,-22,-14,-32,16,22,16,14,52,42,207,170,426,433,398,364,462,211,192,85,89,87,89,87,93,109,122,68,163,157,141,90,90,85,85,0,3,0,0,0,0,0,117,60,113,104,425,429,410,334,306,6,6,6,204,277,268,278,265,266,202,0,0,0,965,863,545,449,742,1235,1088,939,628,1240,1154,1121,4137,4137,4137,4134,4137,4133,4137,4133,2105,1745,1929,1764,1272,825,2357,2141,1412]} 1. e4 c5 2. Nc3 Nc6 3. g3 e6 4. Bg2 Nf6 5. d3 Be7 6. Nh3 Rb8 {B24: Closed Sicilian: 3 g3 sidelines} (6... d5 7. O-O dxe4 8. dxe4 Qxd1 9. Nxd1 O-O 10. Ne3 Rd8 11. f4 b5 12. Nf2 Rb8 13. c3 Bb7 14. Re1 c4 15. Nf1 Nd7 16. Be3 Nc5 17. Rad1 a6 18. Rxd8+ Rxd8 19. Rd1 Rxd1 20. Nxd1 Kf8 21. Nd2 {½-½ (21) Short,N (2684)-Ivanchuk,V (2709) Bled 2002}) 7. a4 $146 ({Predecessor:} 7. O-O b5 8. Re1 b4 9. Nd5 d6 10. Nxe7 Qxe7 11. Nf4 O-O 12. Bd2 Qd8 13. a3 a5 14. axb4 axb4 {½-½ (49) Anceschi,V (2280)-Efimov,I (2450) Montecatini Terme 1995}) 7... a6 {[%cal Ba7a6,Ba6b5,Bb5b4][%mdl 32]} 8. O-O b5 {The position is equal.} 9. axb5 axb5 10. f4 {next e5 is good for White.} b4 11. Nb1 {[%cal Bc3b1,Bb1d2,Bd2f3,Bf3g5,Bg5e6][%mdl 32]} d5 12. e5 Nd7 13. Nd2 O-O 14. Nf3 f6 15. exf6 Bxf6 16. Nfg5 $36 {[%mdl 2048] White has good play.} Bd4+ 17. Kh1 Nf6 $2 {[#]} (17... Qe8 $14) 18. Qe1 $1 $18 Ng4 $2 (18... e5) 19. Nxe6 Qd6 20. Nxf8 Bf5 21. Ra6 (21. Nxh7 $142 Bxh7 22. f5) 21... Kxf8 22. c3 (22. Qd1 $18) 22... Bxd3 {[#] aiming for ...bxc3.} 23. Rxc6 $1 Qxc6 24. cxd4 {Strongly threatening Rg1.} Bxf1 25. Qxf1 cxd4 {With the idea ...Qc2.} 26. Bf3 ({White should try} 26. Qd1 $16) 26... Ne3 (26... Nf6 $14) 27. Bxe3 dxe3 28. Ng1 {Played: Qf1-d3} 1-0

[Event "Bruges Masters 2019"]
[Site "Bruges"]
[Date "2019.08.12"]
[Round "4.6"]
[White "Binnendijk, Ferdinand"]
[Black "Mirzoev, Azer"]
[Result "0-1"]
[WhiteElo "2122"]
[BlackElo "2474"]
[Annotator "TA"]
[PlyCount "40"]
[EventDate "2019.08.11"]
[EventType "swiss"]
[EventCountry "BEL"]
[SourceTitle "playchess.com"]
[Source "ChessBase"]
[SourceQuality "1"]

{[%evp 9,56,-8,-8,-8,-9,-10,-6,-15,-7,-28,-14,-22,0,0,13,0,0,0,0,-30,0,0,0,-18,0,-13,14,-29,-34,-70,-26,-29,-29,-79,-97,-77,-80,-150,-145,-153,-61,-358,-346,-572,-565,-562,-567,-544,-497]} 1. d4 d5 2. c4 e6 3. Nc3 a6 4. Nf3 (4. cxd5 exd5 5. Nf3 h6 6. Bf4 Nf6 7. e3 Bd6 8. Bxd6 Qxd6 9. Qc2 O-O 10. Bd3 Re8 11. h3 Be6 12. O-O Nbd7 13. a4 {½-½ (40) Shankland,S (2725)-Carlsen,M (2835) Wijk aan Zee 2019}) 4... dxc4 5. a4 Nc6 6. e3 {D31: Queen's Gambit Declined: Semi-Slav without ...Nf6 (+ Marshall Gambit and Noteboom) and Exchange Variation lines without ...Nf6} Na5 7. Nd2 c5 8. Nxc4 {The position is equal.} Nf6 9. Be2 cxd4 10. exd4 Bb4 11. O-O O-O 12. Bg5 h6 $146 ({Predecessor:} 12... Nxc4 13. Bxc4 Be7 14. Re1 {½-½ (54) Iniyan,P (2481)-Baum,J (2287) Amantea 2018}) 13. Bh4 Be7 14. Ne3 Bd7 15. Qc2 Rc8 16. Rfd1 Re8 17. Rab1 Qb6 18. d5 Qb4 19. Bg3 exd5 {Threatens to win with ...d4.} 20. Qd3 $1 {[#]} Bxa4 {Played: d5-d4} 0-1

[Event "Bruges Masters 2019"]
[Site "Bruges"]
[Date "2019.08.12"]
[Round "4.7"]
[White "Leenhouts, Koen"]
[Black "Van Baar, Esper"]
[Result "1-0"]
[WhiteElo "2426"]
[BlackElo "2108"]
[Annotator "TA"]
[PlyCount "59"]
[EventDate "2019.08.11"]
[EventType "swiss"]
[EventCountry "BEL"]
[SourceTitle "playchess.com"]
[Source "ChessBase"]
[SourceQuality "1"]

{[%evp 20,69,31,17,172,181,197,184,182,150,147,154,157,152,171,152,203,190,203,202,190,178,229,218,336,343,389,375,442,450,429,423,527,460,781,694,991,977,1040,1023,877,914,847,727,1208,758,1731,1205,2050,962,1447,1436]} 1. d4 Nf6 2. c4 g6 3. Nc3 Bg7 4. e4 d6 5. f3 O-O 6. Bg5 c5 7. d5 e6 8. Qd2 exd5 9. cxd5 h6 10. Be3 Re8 11. Nge2 Na6 $2 {[#] A65: Modern Benoni: 6 e4} (11... Nbd7 $11 {and Black is okay.}) (11... Nbd7 12. Ng3 h5 13. Be2 a6 14. a4 Nh7 15. O-O h4 16. Nh1 f5 17. Nf2 Ne5 18. f4 Nf7 19. exf5 Bxf5 20. Rae1 Qd7 {½-½ (49) Ponomariov,R (2714)-Bacrot,E (2718) Beijing 2014}) 12. Bxh6 $18 Rb8 $146 ({Predecessor:} 12... Bh8 13. Ng3 Nc7 14. Be2 Bd7 15. Bg5 b5 16. h4 b4 17. Nd1 Bb5 18. Bxb5 Nxb5 19. h5 {1-0 (56) Rajkovic,D (2455)-Vragoteris,A (2290) Katerini 1993}) 13. Bxg7 Kxg7 {White is clearly better.} 14. Ng3 Nc7 15. Be2 b5 16. O-O b4 17. Nd1 Nb5 (17... Rh8 $16 18. a3 a6) 18. Bxb5 Rxb5 19. Ne3 Rh8 20. Rae1 Ra5 (20... Ne8 $142 21. h3 Qh4) 21. b3 {[%cal Bb2b3,Bb3c4][%mdl 32]} Ba6 (21... Ne8 {was called for.} 22. Rf2 Ra6 23. Qb2+ Kg8) 22. Rf2 Nd7 23. f4 Kg8 24. h3 {White is clearly winning.} Qh4 25. Rf3 c4 26. bxc4 Nc5 (26... Qd8 $142 27. Qxb4 Qb6) 27. e5 Ra3 28. Qxb4 Nd3 29. Qb8+ {[%mdl 64] Double Attack} ({Less strong is} 29. Qxa3 Nxe1 30. Ng4 (30. Qxa6 Nxf3+ 31. Kf2 dxe5 $11) 30... Nxf3+ 31. Qxf3 dxe5 $18) 29... Kh7 {[#]} 30. Qxa7 {Played: Qb8-c7} 1-0

[Event "Bruges Masters 2019"]
[Site "Bruges"]
[Date "2019.08.12"]
[Round "4.8"]
[White "Quesada Vera, Liordis"]
[Black "Vandendriessche, Jan"]
[Result "1-0"]
[WhiteElo "2386"]
[BlackElo "2078"]
[Annotator "TA"]
[PlyCount "45"]
[EventDate "2019.08.11"]
[EventType "swiss"]
[EventCountry "BEL"]
[SourceTitle "playchess.com"]
[Source "ChessBase"]
[SourceQuality "1"]

{[%evp 14,81,41,30,29,28,55,52,84,75,66,78,79,68,76,68,81,88,79,83,94,86,120,114,113,115,295,306,295,309,303,296,303,233,377,330,335,325,306,283,284,281,283,283,416,401,425,363,324,271,276,223,218,226,230,225,280,160,175,0,261,268,596,289,580,511,1575,1581,29984,29979]} 1. d4 g6 2. Nf3 Bg7 3. g3 Nf6 4. Bg2 O-O 5. O-O d6 6. b3 c6 7. Bb2 Qa5 8. h3 Nbd7 {A49: 1 d4 Nf6 2 Nf3 g6 3 g3: Anti-King's Indian systems} (8... Qh5 9. g4 Qa5 10. Nbd2 d5 11. Ne5 h5 12. e3 hxg4 13. hxg4 Nxg4 14. c4 Nxe5 15. dxe5 Be6 16. cxd5 Bxd5 {0-1 (29) Fier,A (2551)-Fedorov,A (2552) Tashkent 2019}) 9. Nbd2 {[%cal Bb1d2,Bd2c4,Bc4d6][%mdl 32]} Re8 10. e4 e5 $146 {White is slightly better.} ({Predecessor:} 10... Qc7 11. Re1 Nh5 12. a4 a5 13. e5 dxe5 14. dxe5 Nc5 15. Nc4 Be6 16. Qd4 Bxc4 17. Qxc4 {1-0 (41) Volkmann,F (2427)-Opl,K (2340) Austria 2000}) 11. dxe5 Nxe5 12. Nxe5 dxe5 13. Nc4 Qc7 14. Qd6 $36 {[%mdl 2048] White fights for an advantage.} Qxd6 15. Nxd6 Re6 16. Rfd1 b5 17. h4 Ba6 18. Bh3 Re7 19. Bf1 Rd8 $2 {[#]} (19... Bc8 $16) 20. Nf5 $1 $18 {[%cal Rf5e7][%mdl 64] Discovered Attack} Red7 21. Rxd7 Nxd7 22. Nxg7 Kxg7 23. a4 {Played: Ra1-d1} 1-0